| 000 | 01166nam a2200229Ia 4500 | ||
|---|---|---|---|
| 003 | OSt | ||
| 005 | 20210429180439.0 | ||
| 008 | 210310s1979 ru gr 000 0 spa d | ||
| 040 |
_aCO-JMCR _cCO-JMCR |
||
| 041 | 1 |
_aspa _hrus |
|
| 082 | 0 | 4 |
_a335.412 / _bM392s _223 |
| 100 | 1 |
_aMarx, Carl, _96329 _eautor |
|
| 245 | 1 | 0 |
_aSalario, precio y ganancia / _cMarx |
| 260 |
_aMoscú : _bEditorial Progreso, _c1979 |
||
| 300 |
_b61 páginas ; _c20 cm. |
||
| 500 | _aIncluye notas a pie de página. | ||
| 505 | 0 | _aProducción y salarios -- Producción, salarios, ganancias -- Salarios y dinero -- Oferta y demanda -- Salarios y precios -- Valor y trabajo -- La fuerza del trabajo -- La producción de la plusvalía -- El valor del trabajo -- Se obtiene ganancia vendiendo una mercancía por su valor -- Las diversas partes en que se divide de la plusvalía -- Relación general entre ganancias, salarios y precios -- Casos principales de lucha por subida de salarios o contra su reducción -- La lucha entre el capital y el trabajo, y sus resultados | |
| 650 | 1 | 4 |
_aSalarios _915508 |
| 650 | 2 | 4 |
_aPrecios _937273 |
| 650 | 2 | 4 |
_aTrabajo y trabajadores _937274 |
| 942 |
_2ddc _cBK |
||
| 999 |
_c7805 _d7805 |
||